[Event "XIV Miedzynarodowe Mistrzostwa Gdanska "]
[Site "CEN Gdansk"]
[Date "2012.??.??"]
[Round "6.5"]
[White "Zolnierowicz, Krzysztof"]
[Black "Ulanowski, Karol"]
[Result "0-1"]
[WhiteElo "2226"]
[BlackElo "1987"]
[PlyCount "84"]
[EventDate "2012.??.??"]

1. Nf3 Nf6 2. g3 g6 3. Bg2 Bg7 4. O-O O-O 5. Re1 d5 6. d3 Nc6 7. Nbd2 e5 8. e4
d4 9. Nc4 Re8 10. a4 a6 11. c3 Bg4 12. h3 Bxf3 13. Bxf3 Qd7 14. Bg2 Rad8 15.
Bf1 b5 16. Nd2 dxc3 17. bxc3 Bf8 18. Bb2 b4 19. Nb3 bxc3 20. Bxc3 Nb4 21. Qb1
c5 22. Rd1 Rb8 23. Qc1 Qe7 24. Nd2 Bh6 25. Rb1 Qd7 26. Qa3 Bxd2 27. Bxd2 Qd6
28. Be3 a5 29. Rbc1 Nd7 30. h4 Rec8 31. Bh3 Rb7 32. Rc3 Rc6 33. Rdc1 c4 34.
Bxd7 Qxd7 35. Rxc4 Rxc4 36. Rxc4 Nxd3 37. Qc3 Kg7 38. Kh2 h5 39. Qxa5 Qg4 40.
Qd5 Rd7 41. Qc6 Qf3 42. Kg1 Nf4 0-1

[Event "XIV Miedzynarodowe Mistrzostwa Gdanska "]
[Site "CEN Gdansk"]
[Date "2012.??.??"]
[Round "6.6"]
[White "Kanarkiewicz, Michal"]
[Black "Piesik, Piotr"]
[Result "1/2-1/2"]
[WhiteElo "2079"]
[BlackElo "2226"]
[PlyCount "54"]
[EventDate "2012.??.??"]

1. d4 c5 2. e4 cxd4 3. Nf3 a6 4. Bc4 e6 5. Nxd4 Qc7 6. Qe2 Nc6 7. Nxc6 dxc6 8.
O-O b5 9. Bd3 e5 10. a4 Bb7 11. Be3 Nf6 12. Nd2 Rc8 13. c4 b4 14. c5 a5 15. Nc4
Nd7 16. Nb6 Rd8 17. Nxd7 Rxd7 18. Rfd1 Be7 19. Bc4 Bc8 20. Qf3 O-O 21. Qg3 Rfd8
22. Rxd7 Bxd7 23. Qf3 Rf8 24. Rd1 Qc8 25. h3 Be6 26. Qe2 Bxc4 27. Qxc4 Rd8
1/2-1/2

[Event "XIV Miedzynarodowe Mistrzostwa Gdanska "]
[Site "CEN Gdansk"]
[Date "2012.??.??"]
[Round "6.8"]
[White "Kempinski, Tomasz"]
[Black "Maksimenko, Andrei Jr"]
[Result "1-0"]
[WhiteElo "2204"]
[BlackElo "1874"]
[PlyCount "67"]
[EventDate "2012.??.??"]

1. e4 c5 2. Nf3 e6 3. d3 Qc7 4. g3 g6 5. Bg2 Bg7 6. O-O Ne7 7. c3 d6 8. d4 b6
9. e5 dxe5 10. Nxe5 Bb7 11. Qa4+ Nbc6 12. Bf4 Qc8 13. Nc4 O-O 14. Nd6 Qd7 15.
Nxb7 Qxb7 16. Bd6 b5 17. Qb3 Rac8 18. Bxc5 a6 19. a4 Qd7 20. axb5 axb5 21. Qxb5
Rb8 22. Qe2 Rfc8 23. Re1 Nf5 24. b4 Nd6 25. Na3 Nd8 26. Nc4 Nb5 27. Rec1 Qc7
28. Ra6 Bf8 29. Nb6 Bxc5 30. bxc5 Na7 31. Nxc8 Nxc8 32. Qe5 Qxe5 33. dxe5 Ne7
34. Ra8 1-0

[Event "XIV Miedzynarodowe Mistrzostwa Gdanska "]
[Site "CEN Gdansk"]
[Date "2012.??.??"]
[Round "6.9"]
[White "Kotlowski, Tomasz"]
[Black "Zielinski, Stanislaw"]
[Result "1/2-1/2"]
[WhiteElo "1995"]
[BlackElo "2139"]
[PlyCount "62"]
[EventDate "2012.??.??"]

1. d4 d5 2. Nf3 Nf6 3. Bg5 Nbd7 4. e3 e6 5. c4 Be7 6. Nc3 c6 7. Bd3 O-O 8. O-O
dxc4 9. Bxc4 b5 10. Bb3 a6 11. Qd3 c5 12. Bc2 c4 13. Qe2 Bb7 14. e4 b4 15. e5
bxc3 16. exf6 Bxf6 17. Bxf6 Qxf6 18. bxc3 Bxf3 19. gxf3 Nb6 20. Be4 Nd5 21.
Bxd5 exd5 22. Rfe1 Qc6 23. f4 Rae8 24. Qf3 Re4 25. Rxe4 dxe4 26. Qd1 Rb8 27. d5
Qf6 28. Qd2 Rd8 29. Rd1 Rd6 30. Qe3 Qh4 31. Rb1 Rxd5 1/2-1/2

[Event "XIV Miedzynarodowe Mistrzostwa Gdanska "]
[Site "CEN Gdansk"]
[Date "2012.??.??"]
[Round "6.10"]
[White "Moszczenski, Milosz"]
[Black "Zielinski, Wojciech"]
[Result "0-1"]
[WhiteElo "1718"]
[BlackElo "2122"]
[PlyCount "64"]
[EventDate "2012.??.??"]

1. d4 e6 2. c4 d5 3. Nc3 Nf6 4. cxd5 exd5 5. Bg5 Be7 6. e3 O-O 7. Bd3 c6 8.
Nge2 Re8 9. Qc2 Nbd7 10. O-O Nf8 11. Rab1 Ne4 12. Bxe7 Qxe7 13. b4 Bd7 14. b5
Nxc3 15. Nxc3 Qd6 16. bxc6 Bxc6 17. Bb5 Rec8 18. Rfc1 Rc7 19. Qb3 Rac8 20. Rd1
Nd7 21. Bxc6 bxc6 22. Rbc1 Rb8 23. Qa4 Nb6 24. Qa6 Qd8 25. Rb1 Qc8 26. Qa5 h6
27. Qc5 Rcb7 28. e4 Na4 29. Qa3 Nxc3 30. Rxb7 Nxd1 31. Rxb8 Qxb8 32. Qc1 Nc3
0-1

[Event "XIV Miedzynarodowe Mistrzostwa Gdanska "]
[Site "CEN Gdansk"]
[Date "2012.??.??"]
[Round "6.11"]
[White "Dzikowski, Michal"]
[Black "Kobus, Sebastian"]
[Result "1/2-1/2"]
[WhiteElo "1857"]
[BlackElo "2097"]
[PlyCount "68"]
[EventDate "2012.??.??"]

1. d4 d5 2. Nf3 Bf5 3. Bf4 e6 4. c3 Bd6 5. Bxd6 Qxd6 6. e3 Nf6 7. Nbd2 O-O 8.
Ne5 Nbd7 9. f4 c5 10. Be2 cxd4 11. exd4 Ne4 12. Nxd7 Qxd7 13. O-O Nxd2 14. Qxd2
b5 15. a3 a5 16. Bd3 Be4 17. Qe2 Bxd3 18. Qxd3 Rab8 19. f5 exf5 20. Qxf5 Rfd8
21. Rae1 b4 22. axb4 axb4 23. Qg5 h6 24. Qh4 Re8 25. Rxe8+ Qxe8 26. Re1 Qb5 27.
Qg3 b3 28. Qf3 Re8 29. Rxe8+ Qxe8 30. Kf2 Qe6 31. h3 g5 32. Qe2 Qf5+ 33. Qf3
Qc2+ 34. Qe2 34... Kg7 {(...78)} 1/2-1/2

[Event "XIV Miedzynarodowe Mistrzostwa Gdanska "]
[Site "CEN Gdansk"]
[Date "2012.??.??"]
[Round "6.12"]
[White "Piankov, Evgenij"]
[Black "Ciesielski, Tomasz"]
[Result "1-0"]
[WhiteElo "2338"]
[BlackElo "1837"]
[PlyCount "71"]
[EventDate "2012.??.??"]

1. d4 d5 2. Bg5 Nd7 3. e3 Ngf6 4. c4 e6 5. Nc3 Be7 6. Nf3 c6 7. cxd5 exd5 8.
Bd3 O-O 9. Qc2 h6 10. Bh4 b6 11. O-O Bb7 12. Rfd1 c5 13. Ne5 cxd4 14. exd4 Nxe5
15. dxe5 Nd7 16. Bg3 Nc5 17. Be2 Qd7 18. Nxd5 Bxd5 19. Bf3 Rfd8 20. Rxd5 Qxd5
21. Bxd5 Rxd5 22. Rd1 Rad8 23. Rxd5 Rxd5 24. h3 Ne6 25. Kh2 Bc5 26. f4 Rd4 27.
f5 Ng5 28. Bf2 Rd5 29. Bxc5 Rxc5 30. Qe2 Rc7 31. Qd3 Rc5 32. Qd8+ Kh7 33. h4
Rxe5 34. hxg5 Rxf5 35. gxh6 Kxh6 36. Qd7 1-0

[Event "XIV Miedzynarodowe Mistrzostwa Gdanska "]
[Site "CEN Gdansk"]
[Date "2012.??.??"]
[Round "6.13"]
[White "Bugalski, Michal"]
[Black "Albin, Grzegorz"]
[Result "1-0"]
[WhiteElo "2193"]
[BlackElo "1804"]
[PlyCount "49"]
[EventDate "2012.??.??"]

1. e4 d5 2. exd5 Qxd5 3. Nc3 Qa5 4. d4 c6 5. Nf3 Bg4 6. h3 Bh5 7. g4 Bg6 8. Bd2
e6 9. Bc4 Qc7 10. Qe2 Ne7 11. O-O-O b5 12. Bxe6 fxe6 13. Ng5 Bf7 14. Nxf7 Kxf7
15. Rhe1 Ke8 16. Ne4 e5 17. dxe5 Nd5 18. Nd6+ Kd7 19. e6+ Ke7 20. Bg5+ Nf6 21.
Nf5+ Ke8 22. e7 Bxe7 23. Qxe7+ Qxe7 24. Rxe7+ Kf8 25. Rd8+ 1-0

[Event "XIV Miedzynarodowe Mistrzostwa Gdanska "]
[Site "CEN Gdansk"]
[Date "2012.??.??"]
[Round "6.14"]
[White "Olejarczyk, Bogdan"]
[Black "Suliborski, Artur"]
[Result "1-0"]
[WhiteElo "2117"]
[BlackElo "1797"]
[PlyCount "59"]
[EventDate "2012.??.??"]

1. d4 Nf6 2. Nf3 g6 3. Bf4 Bg7 4. e3 d6 5. h3 O-O 6. Be2 c5 7. Nc3 Nbd7 8. O-O
Re8 9. d5 a6 10. a4 Qa5 11. Qd2 Nh5 12. Bh2 Nb6 13. e4 Bxc3 14. Qxc3 Qxc3 15.
bxc3 Nf6 16. Nd2 Bd7 17. a5 Nc8 18. f3 Na7 19. c4 Bc8 20. g4 Nd7 21. f4 f6 22.
Bd3 Kg7 23. Nf3 Rb8 24. e5 b5 25. e6 Nf8 26. Rfb1 Nxe6 27. dxe6 Bxe6 28. Nd2 b4
29. Rd1 Bf7 30. Be4 1-0

[Event "XIV Miedzynarodowe Mistrzostwa Gdanska "]
[Site "CEN Gdansk"]
[Date "2012.??.??"]
[Round "6.15"]
[White "Stovring, Claus"]
[Black "Pham, Juliusz"]
[Result "1-0"]
[WhiteElo "2013"]
[BlackElo "1714"]
[PlyCount "97"]
[EventDate "2012.??.??"]

1. e4 e5 2. Nf3 Nc6 3. Bb5 a6 4. Ba4 Nf6 5. O-O b5 6. Bb3 Bc5 7. c3 d6 8. d4
Bb6 9. h3 O-O 10. Re1 h6 11. a4 Bb7 12. d5 Ne7 13. a5 Bc5 14. Be3 Bxe3 15. Rxe3
Ng6 16. Nbd2 Nf4 17. Kh2 Qd7 18. Ng1 Bc8 19. c4 Kh7 20. cxb5 axb5 21. Qf1 g5
22. Bd1 Rg8 23. g3 Ng6 24. Be2 Ba6 25. b4 h5 26. Rc3 g4 27. Rac1 Ra7 28. Rc6
Rb8 29. Qd1 Ne7 30. R6c3 Kg7 31. Qc2 Rc8 32. Nf1 gxh3 33. Ne3 Ng6 34. Nf5+ Kh7
35. Nxh3 Ne7 36. Nxe7 Qxe7 37. f3 Kg6 38. Qd2 Nh7 39. f4 Rd8 40. Qe3 Rb7 41.
Rc6 Ra8 42. fxe5 Qxe5 43. Nf4+ Kf6 44. Nxh5+ Kg6 45. Qf4 Qb2 46. R1c2 Qxb4 47.
Bg4 Qd4 48. Bf5+ Kxh5 49. Qh4# 1-0

[Event "XIV Miedzynarodowe Mistrzostwa Gdanska "]
[Site "CEN Gdansk"]
[Date "2012.??.??"]
[Round "6.16"]
[White "Grabowski, Jan"]
[Black "Grajczak, Adrian"]
[Result "0-1"]
[WhiteElo "1886"]
[BlackElo "1999"]
[PlyCount "50"]
[EventDate "2012.??.??"]

1. d4 d6 2. Nf3 Nd7 3. e4 Ngf6 4. Nc3 e5 5. Bc4 Be7 6. O-O O-O 7. h3 c6 8. a4
b6 9. b3 a6 10. Be3 Bb7 11. dxe5 dxe5 12. Qe2 Qc7 13. Nh2 b5 14. Bd3 Nc5 15.
Ng4 Ne6 16. g3 Nd7 17. f4 h5 18. Nh2 h4 19. Ng4 hxg3 20. Qf3 exf4 21. Bxf4 Qxf4
22. Qxf4 Nxf4 23. Rxf4 Bc5+ 24. Kg2 Bd4 25. Raf1 Bxc3 0-1

[Event "XIV Miedzynarodowe Mistrzostwa Gdanska "]
[Site "CEN Gdansk"]
[Date "2012.??.??"]
[Round "6.17"]
[White "Traczewski, Wojciech"]
[Black "Gorniewicz, Oskar"]
[Result "0-1"]
[WhiteElo "1778"]
[BlackElo "1961"]
[PlyCount "54"]
[EventDate "2012.??.??"]

1. e4 d6 2. d4 Nf6 3. Nc3 g6 4. f4 Bg7 5. Nf3 O-O 6. Bd3 Na6 7. O-O c5 8. Bxa6
cxd4 9. Nxd4 bxa6 10. h3 Qb6 11. Na4 Qa5 12. Nc3 Bb7 13. Qd3 Nxe4 14. Nb3 Qf5
15. g4 Qe6 16. f5 gxf5 17. gxf5 Qe5 18. Bf4 Qxf5 19. Kh2 Be5 20. Nxe4 Bxf4+ 21.
Ng3 Qxd3 22. cxd3 e5 23. Nc1 Rac8 24. Nce2 Rc2 25. Rf2 f5 26. b3 Be3 27. Rxf5
Rxe2+ 0-1

[Event "XIV Miedzynarodowe Mistrzostwa Gdanska "]
[Site "CEN Gdansk"]
[Date "2012.??.??"]
[Round "6.18"]
[White "Vakhitov, Dmitri"]
[Black "Wrzesinski, Pawel"]
[Result "0-1"]
[WhiteElo "1643"]
[BlackElo "1960"]
[PlyCount "54"]
[EventDate "2012.??.??"]

1. d4 e6 2. c4 Nf6 3. Nc3 d5 4. Bg5 Bb4 5. e3 h6 6. Bxf6 Qxf6 7. cxd5 exd5 8.
Qb3 Qd6 9. a3 Bxc3+ 10. bxc3 O-O 11. Bd3 b6 12. Ne2 Ba6 13. c4 Nd7 14. c5 bxc5
15. Bxa6 Qxa6 16. Qxd5 Qa5+ 17. Kf1 Rfd8 18. Qc4 cxd4 19. Nxd4 Ne5 20. Qc2 c5
21. Nb3 Qb5+ 22. Kg1 Rab8 23. Nd2 Qe2 24. Rd1 Rxd2 25. Qxd2 Qxd2 26. Rf1 Rb2
27. h3 Nc4 0-1

[Event "XIV Miedzynarodowe Mistrzostwa Gdanska "]
[Site "CEN Gdansk"]
[Date "2012.??.??"]
[Round "6.19"]
[White "Pastuszko, Kinga"]
[Black "Bobryk, Konrad"]
[Result "1/2-1/2"]
[WhiteElo "1958"]
[BlackElo "1558"]
[PlyCount "62"]
[EventDate "2012.??.??"]

1. Nf3 c5 2. g3 d5 3. Bg2 Nc6 4. O-O e5 5. d3 h6 6. Nbd2 Bd6 7. e4 d4 8. a4 Bg4
9. h3 Be6 10. Nc4 Bc7 11. Nh4 Qd7 12. Kh2 g5 13. Nf3 Nge7 14. Ng1 Ng6 15. Bf3
O-O-O 16. b3 Rdg8 17. Ba3 b6 18. Rb1 a5 19. Bg4 h5 20. Bxe6 Qxe6 21. Bc1 Qe7
22. Qf3 f6 23. Qf5+ Kb7 24. Na3 Nb4 25. Qf3 Qg7 26. Bd2 g4 27. Qg2 gxh3 28.
Qxh3 h4 29. g4 Nf4 30. Bxf4 exf4 31. f3 Nc6 1/2-1/2

[Event "XIV Miedzynarodowe Mistrzostwa Gdanska "]
[Site "CEN Gdansk"]
[Date "2012.??.??"]
[Round "6.22"]
[White "Szczepaniec, Stanislaw"]
[Black "Zhuk, Ivan"]
[Result "1/2-1/2"]
[WhiteElo "2059"]
[BlackElo "1642"]
[PlyCount "101"]
[EventDate "2012.??.??"]

1. c4 e6 2. Nf3 Nf6 3. g3 g6 4. Bg2 Bg7 5. Nc3 O-O 6. d4 d5 7. O-O b6 8. Qc2
Bb7 9. Ne5 Nbd7 10. cxd5 exd5 11. Nb5 c5 12. Nd6 Qb8 13. Nxb7 Qxb7 14. Nxd7
Nxd7 15. dxc5 Nxc5 16. Rd1 Rfd8 17. Bg5 Rd7 18. Rac1 Ne6 19. Be3 Rad8 20. b4
Qa6 21. a4 Rc7 22. Qa2 b5 23. Rxc7 Nxc7 24. a5 d4 25. Bg5 Re8 26. Rc1 Ne6 27.
Rc6 Qb7 28. Rxe6 Qd7 29. Rxe8+ Qxe8 30. Qd5 Qxe2 31. Qd8+ Bf8 32. Bh6 Qe1+ 33.
Bf1 Qxb4 34. Bxf8 Qxf8 35. Qxf8+ Kxf8 36. Bxb5 Ke7 37. f4 Kd6 38. g4 Kc5 39.
Bd3 Kb4 40. Kf2 Kxa5 41. Bc4 f6 42. g5 fxg5 43. fxg5 Kb4 44. Ba6 Kc3 45. Ke2
Kc2 46. h4 Kc3 47. Kd1 d3 48. Kc1 Kd4 49. Kd2 Ke4 50. Bxd3+ Kf4 51. Ba6 1/2-1/2

[Event "XIV Miedzynarodowe Mistrzostwa Gdanska "]
[Site "CEN Gdansk"]
[Date "2012.??.??"]
[Round "6.23"]
[White "Szymanowski, Mateusz"]
[Black "Kumala, Aleksander"]
[Result "0-1"]
[WhiteElo "1833"]
[BlackElo "1974"]
[PlyCount "80"]
[EventDate "2012.??.??"]

1. e4 e5 2. Nf3 Nc6 3. Bc4 Nf6 4. Nc3 Nxe4 5. Nxe4 d5 6. Bxd5 Qxd5 7. Nc3 Qd8
8. d3 Bc5 9. Be3 Bb6 10. Qd2 Bg4 11. O-O-O Nd4 12. Rde1 Bxf3 13. Bxd4 Qxd4 14.
gxf3 O-O-O 15. Re4 Qxf2 16. Qxf2 Bxf2 17. Rxe5 Bd4 18. Re7 Bxc3 19. bxc3 Rd7
20. Rhe1 Rxe7 21. Rxe7 Rf8 22. Kd2 Kd8 23. Re4 f5 24. Rb4 b6 25. Rb5 Rf6 26. d4
Rh6 27. Rxf5 Rxh2+ 28. Kd3 Ke7 29. d5 g6 30. Rf4 Rh5 31. c4 Rf5 32. Re4+ Kd7
33. Ke3 g5 34. c3 Rf7 35. Rg4 h6 36. Re4 Re7 37. Kd4 h5 38. a4 Kd6 39. Kd3 Rxe4
40. fxe4 Ke5 0-1

[Event "XIV Miedzynarodowe Mistrzostwa Gdanska "]
[Site "CEN Gdansk"]
[Date "2012.??.??"]
[Round "6.24"]
[White "Wojszkun, Tadeusz"]
[Black "Walkusz, Miroslaw"]
[Result "0-1"]
[WhiteElo "1809"]
[BlackElo "1938"]
[PlyCount "92"]
[EventDate "2012.??.??"]

1. d4 d5 2. c4 c6 3. Nf3 Nf6 4. Nc3 e6 5. Bg5 h6 6. Bxf6 Qxf6 7. e3 Nd7 8. Bd3
g6 9. O-O Bg7 10. Qe2 O-O 11. Rfc1 Qe7 12. a3 dxc4 13. Bxc4 e5 14. d5 Nb6 15.
e4 Nxc4 16. Qxc4 Bd7 17. Qb3 Rab8 18. Ne1 Kh7 19. Qc2 h5 20. b4 f5 21. f3 fxe4
22. d6 Qxd6 23. Rd1 Qc7 24. Nxe4 Bf5 25. Ng5+ Kh8 26. Qb3 Bh6 27. Ne6 Qb6+ 28.
Kh1 Rfe8 29. Nc5 Qb5 30. Nc2 Qe2 31. Ne4 Bxe4 32. fxe4 Qxe4 33. Ne1 Rbd8 34.
Qf7 Qf5 35. Qc4 e4 36. Nc2 Rd5 37. Rf1 Qe6 38. Rae1 Rf5 39. Qc3+ Qe5 40. Qh3 e3
41. Kg1 Rxf1+ 42. Kxf1 Qf6+ 43. Qf3 Qc3 44. Qe2 Rf8+ 45. Kg1 Rf2 46. Qd1 Rd2
0-1

[Event "XIV Miedzynarodowe Mistrzostwa Gdanska "]
[Site "CEN Gdansk"]
[Date "2012.??.??"]
[Round "6.25"]
[White "Cybulski, Ryszard"]
[Black "Czarkowski, Tomasz"]
[Result "0-1"]
[WhiteElo "1925"]
[BlackElo "1636"]
[PlyCount "46"]
[EventDate "2012.??.??"]

1. e4 e5 2. Nf3 Nc6 3. d4 exd4 4. Nxd4 Nf6 5. Nxc6 bxc6 6. e5 Qe7 7. Qe2 Nd5 8.
c4 Ba6 9. a3 g6 10. f4 Bg7 11. Qe4 f5 12. Qf3 Nb6 13. b3 O-O 14. Be2 c5 15. Bb2
Rfe8 16. Nc3 Rab8 17. O-O Bb7 18. Qg3 d6 19. exd6 Qe3+ 20. Rf2 cxd6 21. Nd1
Qxg3 22. hxg3 Bxb2 23. Nxb2 Re3 0-1

[Event "XIV Miedzynarodowe Mistrzostwa Gdanska "]
[Site "CEN Gdansk"]
[Date "2012.??.??"]
[Round "6.26"]
[White "Plewa, Piotr"]
[Black "Tarajkiewicz, Krzysztof"]
[Result "0-1"]
[WhiteElo "1900"]
[BlackElo "1574"]
[PlyCount "140"]
[EventDate "2012.??.??"]

1. d4 g6 2. c4 Bg7 3. Nc3 d6 4. Nf3 Nd7 5. g3 Ngf6 6. Bg2 O-O 7. O-O c6 8. e4
e5 9. h3 Qc7 10. Be3 Re8 11. Rc1 a6 12. Re1 h6 13. a4 a5 14. Qc2 exd4 15. Nxd4
Nc5 16. Rcd1 Be6 17. b3 Kh7 18. Qd2 Nfd7 19. Qc2 Na6 20. Na2 Ndc5 21. Rd2 Rad8
22. Red1 Bc8 23. Bf4 Be5 24. Ne2 f5 25. Bxe5 dxe5 26. Nec3 Rxd2 27. Rxd2 Rd8
28. Nc1 Nb4 29. Qd1 Rxd2 30. Qxd2 Qd7 31. Qxd7+ Bxd7 32. f3 Nc2 33. Nb1 Ne1 34.
Nd2 Kg7 35. Kf2 Ned3+ 36. Nxd3 Nxd3+ 37. Ke2 Nc5 38. Ke3 Kf6 39. Bf1 Ke7 40.
Kf2 Kd6 41. Ke1 Ne6 42. Bd3 Nd4 43. g4 fxg4 44. fxg4 Kc5 45. Be2 Kb4 46. Bd1 b5
47. cxb5 cxb5 48. axb5 Bxb5 49. h4 Kc3 50. g5 hxg5 51. hxg5 Kd3 52. Nb1 Bc6 53.
Nd2 Bxe4 54. Nc4 Nc6 55. Nd6 Bd5 56. Nb7 Kc3 57. Nc5 e4 58. Ke2 Kb4 59. Na6+
Kc3 60. Nc5 Kd4 61. Nd7 Nd8 62. Nf8 Bf7 63. Kd2 Ne6 64. Nh7 Ke5 65. Ke3 Nc5 66.
Nf8 Kf5 67. Nh7 Bxb3 68. Be2 a4 69. Nf6 Kxg5 70. Nxe4+ Nxe4 0-1

[Event "XIV Miedzynarodowe Mistrzostwa Gdanska "]
[Site "CEN Gdansk"]
[Date "2012.??.??"]
[Round "6.27"]
[White "Sieklucki, Adam"]
[Black "Frej, Zofia"]
[Result "1-0"]
[WhiteElo "1847"]
[BlackElo "1545"]
[PlyCount "57"]
[EventDate "2012.??.??"]

1. d4 Nf6 2. c4 d6 3. Nf3 Nbd7 4. Nc3 e5 5. Bg5 Be7 6. e3 O-O 7. Qc2 h6 8. Bh4
exd4 9. exd4 Re8 10. Be2 Nf8 11. O-O Ng6 12. Bg3 Be6 13. Bd3 Nf8 14. h3 c6 15.
b4 d5 16. c5 a5 17. b5 Qd7 18. Ne5 Qc8 19. bxc6 bxc6 20. Qa4 Bd7 21. Rab1 Ne6
22. Rb2 Nh5 23. Bh2 Nf6 24. Rfb1 Bd8 25. Nxf7 Bc7 26. Nd6 Qd8 27. Nxe8 Bxh2+
28. Kxh2 Qxe8 29. Ne2 1-0

[Event "XIV Miedzynarodowe Mistrzostwa Gdanska "]
[Site "CEN Gdansk"]
[Date "2012.??.??"]
[Round "6.28"]
[White "Zwara, Szymon"]
[Black "Pofelski, Andrzej"]
[Result "1-0"]
[WhiteElo "1737"]
[BlackElo "1842"]
[PlyCount "59"]
[EventDate "2012.??.??"]

1. e4 d5 2. exd5 Qxd5 3. Nc3 Qa5 4. d4 c6 5. Bc4 Nf6 6. Bd2 Qc7 7. Nf3 Bg4 8.
h3 Bxf3 9. Qxf3 e6 10. O-O-O Bd6 11. g4 Nbd7 12. g5 Nd5 13. Ne4 Be7 14. h4 a6
15. c3 b5 16. Bd3 Rc8 17. h5 c5 18. dxc5 Nxc5 19. Nxc5 Qxc5 20. g6 f6 21. gxh7
a5 22. Bg6+ Kf8 23. h6 Bd6 24. hxg7+ Ke7 25. g8=Q Rhxg8 26. hxg8=Q Rxg8 27.
Rh7+ Kd8 28. Bf7 Rf8 29. Bxe6 Nb6 30. Bf4 1-0

[Event "XIV Miedzynarodowe Mistrzostwa Gdanska "]
[Site "CEN Gdansk"]
[Date "2012.??.??"]
[Round "6.30"]
[White "Bieszk, Stanislaw"]
[Black "Les, Czeslaw"]
[Result "1/2-1/2"]
[WhiteElo "1700"]
[BlackElo "1915"]
[PlyCount "81"]
[EventDate "2012.??.??"]

1. e4 d5 2. exd5 Nf6 3. d4 Qxd5 4. Nc3 Qa5 5. Bd3 c6 6. Bd2 Qb6 7. Nge2 e5 8.
Na4 Qc7 9. dxe5 Qxe5 10. O-O Be7 11. Re1 O-O 12. Bf4 Qa5 13. c3 Be6 14. b4 Qd8
15. Qc2 Nbd7 16. Nd4 Bg4 17. Nf5 Re8 18. Bg5 b5 19. Nxe7+ Rxe7 20. Bxf6 Rxe1+
21. Rxe1 Qxf6 22. Nb2 g6 23. f3 Be6 24. c4 Ne5 25. cxb5 cxb5 26. Be4 Rc8 27.
Qf2 Rc7 28. Qg3 Rc3 29. Bd5 Bxd5 30. Qxe5 Qxe5 31. Rxe5 Bxa2 32. Kf2 a6 33. Nd1
Rc1 34. Re8+ Kg7 35. Ne3 Be6 36. Ra8 Ra1 37. Kg3 Ra4 38. Nc2 Bc4 39. Ne3 Rxb4
40. Nxc4 Rxc4 41. Rxa6 1/2-1/2

[Event "XIV Miedzynarodowe Mistrzostwa Gdanska "]
[Site "CEN Gdansk"]
[Date "2012.??.??"]
[Round "6.31"]
[White "Zhuk, Ilya"]
[Black "Cichocka, Urszula"]
[Result "1-0"]
[WhiteElo "1904"]
[BlackElo "1723"]
[PlyCount "73"]
[EventDate "2012.??.??"]

1. e4 e6 2. d4 d5 3. e5 c5 4. c3 Nc6 5. Be3 Qb6 6. Qd2 cxd4 7. cxd4 Nge7 8. Nf3
Nf5 9. Nc3 Bd7 10. Be2 Be7 11. O-O O-O 12. Bd3 Nxe3 13. fxe3 f6 14. exf6 Bxf6
15. Rac1 Rac8 16. Na4 Qb4 17. Nc5 Qxd2 18. Nxd2 Rc7 19. Nxd7 Rxd7 20. Nb3 Re7
21. Bb5 Bg5 22. Rxf8+ Kxf8 23. Kf2 Rc7 24. Bxc6 bxc6 25. Na5 Ke7 26. Rxc6 Rxc6
27. Nxc6+ Kd6 28. Nxa7 e5 29. dxe5+ Kxe5 30. Nb5 Be7 31. Kf3 h5 32. Nd4 Bc5 33.
b4 Bxd4 34. exd4+ Kxd4 35. b5 Kc5 36. a4 d4 37. Ke2 1-0

[Event "XIV Miedzynarodowe Mistrzostwa Gdanska "]
[Site "CEN Gdansk"]
[Date "2012.??.??"]
[Round "6.32"]
[White "Dobrowolski, Henryk"]
[Black "Zaleski, Lukasz"]
[Result "1-0"]
[WhiteElo "1883"]
[BlackElo "1652"]
[PlyCount "51"]
[EventDate "2012.??.??"]

1. d4 Nf6 2. c4 e6 3. Nc3 Bb4 4. Qd3 c5 5. e3 O-O 6. Nf3 d6 7. Be2 Nbd7 8. O-O
Bxc3 9. bxc3 Qc7 10. e4 b6 11. d5 e5 12. h3 Re8 13. Nh4 Nf8 14. g4 Ng6 15. g5
Nxh4 16. gxf6 gxf6 17. Kh2 Kh8 18. f4 Ng6 19. f5 Ne7 20. Qg3 Ba6 21. Bh6 Rg8
22. Qh4 Rg5 23. Bxg5 fxg5 24. Qxg5 Ng8 25. f6 Nxf6 26. Qxf6+ 1-0

[Event "XIV Miedzynarodowe Mistrzostwa Gdanska "]
[Site "CEN Gdansk"]
[Date "2012.??.??"]
[Round "6.33"]
[White "Serbinowski, Mieczyslaw"]
[Black "Badyra, Wasyl"]
[Result "0-1"]
[WhiteElo "1802"]
[BlackElo "1650"]
[PlyCount "76"]
[EventDate "2012.??.??"]

1. e4 c5 2. f4 Nf6 3. Nc3 d5 4. e5 d4 5. exf6 dxc3 6. fxg7 cxd2+ 7. Bxd2 Bxg7
8. c3 O-O 9. Nf3 Qb6 10. Qb3 Qxb3 11. axb3 Be6 12. Bc4 Bxc4 13. bxc4 Nc6 14.
O-O Rad8 15. Be3 b6 16. Rad1 Na5 17. Ne5 Bxe5 18. fxe5 Nxc4 19. Bc1 Nxe5 20.
Bh6 Rfe8 21. h3 Nc6 22. Rxd8 Rxd8 23. Rf3 Rd6 24. Rg3+ Rg6 25. Rxg6+ hxg6 26.
Bd2 f5 27. Kf2 Kf7 28. Ke3 Kf6 29. h4 e5 30. Kf3 e4+ 31. Ke2 a5 32. b3 Ke5 33.
g3 b5 34. Ke3 c4 35. bxc4 bxc4 36. Bc1 Ne7 37. Ba3 Nd5+ 38. Kd2 e3+ 0-1

[Event "XIV Miedzynarodowe Mistrzostwa Gdanska "]
[Site "CEN Gdansk"]
[Date "2012.??.??"]
[Round "6.34"]
[White "Teclaf, Pawel"]
[Black "Kindler, Przemyslaw"]
[Result "1/2-1/2"]
[WhiteElo "1631"]
[BlackElo "1787"]
[PlyCount "96"]
[EventDate "2012.??.??"]

1. e4 c5 2. Nf3 e6 3. d4 cxd4 4. Nxd4 Nc6 5. c4 Bb4+ 6. Nc3 Nge7 7. Ndb5 O-O 8.
Bf4 d5 9. cxd5 exd5 10. Nc7 d4 11. a3 dxc3 12. axb4 cxb2 13. Rb1 Qxd1+ 14. Kxd1
Bg4+ 15. f3 Rad8+ 16. Ke1 Bh5 17. Rxb2 Rd7 18. Bc4 Rd4 19. Bd5 Nxb4 20. Be3
Rxd5 21. Rxb4 Ra5 22. Kf2 b6 23. g4 Bg6 24. Rd1 h6 25. Rbd4 Nc6 26. Rd6 Ne5 27.
Rd8 Ra3 28. Rxf8+ Kxf8 29. Rd8+ Ke7 30. Re8+ Kd7 31. Rxe5 Kxc7 32. h4 Rd3 33.
h5 Bh7 34. Re7+ Rd7 35. Re8 g5 36. hxg6 Bxg6 37. Bxh6 a5 38. Re5 a4 39. Rd5
Rxd5 40. exd5 Kd6 41. Ke3 Kxd5 42. Kd2 b5 43. Kc3 Bb1 44. Bg7 Ke6 45. f4 Ba2
46. Kb4 Bc4 47. g5 Kf5 48. Be5 48... Kg4 {(...70)} 1/2-1/2

[Event "XIV Miedzynarodowe Mistrzostwa Gdanska "]
[Site "CEN Gdansk"]
[Date "2012.??.??"]
[Round "6.35"]
[White "Janik, Igor"]
[Black "Zhuk, Dmitriy"]
[Result "1-0"]
[WhiteElo "1767"]
[BlackElo "1605"]
[PlyCount "91"]
[EventDate "2012.??.??"]

1. e4 e6 2. d4 d5 3. Nd2 c5 4. Ngf3 Qb6 5. exd5 exd5 6. Be2 c4 7. O-O Bd6 8. b3
c3 9. Nb1 Qa5 10. Qd3 Nc6 11. Qxc3 Qc7 12. Ba3 Bf5 13. Bxd6 Qxd6 14. Bd3 Nge7
15. Bxf5 Nxf5 16. Re1+ Nfe7 17. Qd3 Nb4 18. Qb5+ Nbc6 19. c3 O-O 20. Nbd2 a6
21. Qd3 f6 22. Nf1 Rac8 23. Ng3 Qd7 24. b4 b5 25. a4 Rc7 26. axb5 axb5 27. Nd2
f5 28. f4 Ng6 29. Ne2 Qd6 30. g3 h5 31. Nb3 h4 32. Nc5 Re7 33. Kf2 Rfe8 34. Ng1
Nd8 35. Rxe7 Qxe7 36. Nf3 Nf7 37. Re1 Qd8 38. Rxe8+ Qxe8 39. Qxf5 hxg3+ 40.
hxg3 Ne7 41. Qe6 Kh8 42. g4 Nd8 43. Qe5 Nf7 44. Qh5+ Kg8 45. Ng5 Nc8 46. Nce6
1-0

[Event "XIV Miedzynarodowe Mistrzostwa Gdanska "]
[Site "CEN Gdansk"]
[Date "2012.??.??"]
[Round "6.36"]
[White "Czerwinski, Bogumil"]
[Black "Wyczling, Bartosz"]
[Result "0-1"]
[WhiteElo "1739"]
[BlackElo "1591"]
[PlyCount "98"]
[EventDate "2012.??.??"]

1. e4 c5 2. Nf3 d6 3. d4 cxd4 4. Nxd4 Nf6 5. Nc3 a6 6. Be2 e5 7. Nb3 Be7 8. O-O
O-O 9. f4 b5 10. a3 Bb7 11. Bf3 Nbd7 12. Qe1 Qc7 13. f5 Nc5 14. Bg5 Ncd7 15.
Qg3 Kh8 16. Rad1 Bc6 17. Qf2 h6 18. Bh4 a5 19. g4 a4 20. Nd2 d5 21. Kh1 d4 22.
Ne2 Qb7 23. Ng3 Nxg4 24. Qe2 Bxh4 25. Bxg4 Nf6 26. Bf3 Bg5 27. Qg2 Rac8 28. Rg1
Be3 29. Rge1 Bd7 30. Ndf1 Bf4 31. Nh5 Nxh5 32. Bxh5 Be8 33. Re2 b4 34. Qg4 Bg5
35. h4 Bf6 36. Qg3 Qe7 37. Rg2 bxa3 38. bxa3 Rc3 39. Rd3 Qxa3 40. Nd2 Rxd3 41.
cxd3 Qc1+ 42. Kh2 Bb5 43. Nf3 Qc5 44. Nd2 a3 45. Nc4 Bxc4 46. dxc4 Qb4 47. Ra2
Qxc4 48. Rxa3 Qc2+ 49. Kh3 Qxe4 0-1